金属資源採掘上位5か国 - Statistics

General Stats
  • This quiz has been taken 32 times
  • The average score is 12 of 16
Answer Stats
% Correct
中華人民共和国
100%
ブラジル
100%
インドネシア
100%
アメリカ合衆国
100%
ロシア
100%
インド
100%
オーストラリア
97%
カナダ
93%
メキシコ
90%
チリ
83%
ペルー
72%
コンゴ民主共和国
59%
フィリピン
34%
ミャンマー
34%
ポーランド
10%
ギニア
7%
No matching quizzes found
Score Distribution
Percent of People with Each Score
Percentile by Number Answered
Your Score History
You have not taken this quiz